000 00598naa a2200193 4500
001 136361
003 ES-MaBCM
005 20241016182931.0
008 060926s1998 esp|r0p 0 ||spa d
021 _axx
035 _a(OCoLC)1365266624
040 _cES-MaBCM
100 1 _aGómez Montoro, Ángel J.
_919356
245 1 0 _aTribunal Constitucional de España
_cÁngel J. Gómez Montoro
650 2 7 _aTribunales constitucionales
_960535
651 2 4 _aEspaña
_9115342
773 0 _aEn:
_tAnuario iberoamericano de justicia constitucional
_dMadrid
_g(1998), p. [239]-280
_w105327
942 _cAREV
999 _c136361
_d136361